000
00291 a2200133 4500
000
nam a22 7a 4500
100
_a
Aggarawal, S K
110
_a
Aggarawal, S K
245
_a
Genomes
250
_a
Latest edition
260
_b
Medtech
_c
2018
264
_b
Medtech
_c
2018
942
_c
BK
999
_c
396776
_d
396776